Sports Quiz

Random Sports or NFL Quiz

NFL Madden Curse Players Quiz Stats

 Plays Quiz not verified by Sporcle

Score 0/9 Timer 04:00
0 Plays Today
% Correct
Michael Vick
100%
Calvin Johnson
100%
Rob Gronkowski
100%
Antonio Brown
100%
Vince Young
93.6%
Troy Polamalu
93.6%
Daunte Culpepper
89.4%
Peyton Hillis
89.4%
Eddie George
87.2%

You're not logged in!

Compare scores with friends on all Sporcle quizzes.
OR
Log In

Show Comments

Extras

Created Aug 14, 2019ReportNominate
Tags:NFL Quiz, affected, curse, madden, player

Top Quizzes Today


Score Distribution

Your Account Isn't Verified!

In order to create a playlist on Sporcle, you need to verify the email address you used during registration. Go to your Sporcle Settings to finish the process.

Report this User

Report this user for behavior that violates our Community Guidelines.

Details: